000 00572nam a2200193 i 4500
001 139905
003 ES-MaACL
005 20250801034202.0
007 t|
008 070214s1952 sp |||| | spa d
100 1 _aSchmaus, Michael.
_9104445
245 1 0 _aSobre la esencia del Cristianismo /
_cMichael Schmaus ; traducción de Luis Pelayo Arribas.
260 _aMadrid :
_bRialp,
_c1952.
300 _a417 p. ;
_c17 cm.
650 0 7 _aCristianismo
_2embne
_911425
700 1 _aPelayo Arribas, Luis.
_990028
852 _aES-MaACL
_jD-9198
999 _c139905
_d139905